Statistics for Mayors of Chicago

Click here to take the quiz!

General Stats

  • This quiz has been taken 78 times
    (61 since last reset)
  • The average score is 7 of 11

Answer Stats

TermAnswer% Correct
1955-1976Richard J. Daley
95%
1989-2011Richard M. Daley
95%
2019-PresentLori Lightfoot
93%
2011-2019Rahm Emanuel
93%
1983-1987Harold Washington
66%
1979-1983Jane Byrne
61%
1987David Orr
45%
1976-1979Michael A. Bilandic
43%
1987-1989Eugene Sawyer
39%
1933-1947Edward J. Kelly
25%
1947-1955Martin H. Kennelly
20%

Score Distribution

Percentile by Number Answered

Percent of People with Each Score

Your Score History

You have not taken this quiz since the last reset